The Grand Budapest Hotel (2014): Characters by Picture - Statistics

General Stats
  • This quiz has been taken 4 times
  • The average score is 11 of 15
Answer Stats
Picture Answer % Correct
M. Jean
100%
Monsieur Gustave H.
100%
Mr. Zero Moustafa
100%
Serge X.
100%
Agatha
67%
An Author
67%
Deputy Vilmos Kovacs
67%
Dmitri Desgoffe-und-Taxis
67%
J.G. Jopling
67%
Ludwig
67%
Madame D.
67%
M. Chuck
67%
M. Ivan
67%
Clotilde
33%
Inspector Albert Henckels
33%
No matching quizzes found
Score Distribution
Percent of People with Each Score
Percentile by Number Answered
Your Score History
You have not taken this quiz